[Event "Titled Tuesday intern op 04th Mar Early"]
[Site "Chess.com INT"]
[Date "2025.03.04"]
[Round "7"]
[White "Chogdov, Munkhbat"]
[Black "Muniz, Rafael"]
[Result "1-0"]
[WhiteElo "2238"]
[BlackElo "2140"]
[PlyCount "73"]
[EventDate "2025.03.04"]
[EventType "swiss (blitz)"]
[EventRounds "11"]
[EventCountry "USA"]
[SourceTitle "CB11_2025"]
[SourceDate "2025.03.12"]
[SourceVersion "1"]
[SourceVersionDate "2025.03.12"]
[SourceQuality "1"]

1. e4 c5 2. Nf3 e6 3. Nc3 Nc6 4. Bc4 a6 5. d3 d6 6. 0-0 Nf6 7. h3 Be7 8. Bf4 0-0 9. Qd2 b5 10. Bb3 Bb7 11. a4 Qb6 12. Be3 Na5 13. Ba2 b4 14. Ne2 b3 15. cxb3 Nxb3 16. Bxb3 Qxb3 17. Nc3 Rab8 18. a5 Bc6 19. Rfb1 Rfc8 20. Ra3 Qb7 21. Qc2 c4 22. dxc4 Nxe4 23. Nd4 Nxc3 24. Rxc3 Be4 25. Qc1 Bxb1 26. Qxb1 Qxb2 27. Qe1 Bf6 28. Rc2 Qb4 29. Qe2 Qxa5 30. g4 Rb1+ 31. Kg2 Qa1 32. Nf3 a5 33. g5 Bb2 34. c5 dxc5 35. Qa6 Rb8 36. Rxc5 Bc1 37. Rc8+ 1-0

[Event "Titled Tuesday intern op 04th Mar Early"]
[Site "Chess.com INT"]
[Date "2025.03.04"]
[Round "1"]
[White "Chogdov, Munkhbat"]
[Black "Principe, Gerson"]
[Result "0-1"]
[WhiteElo "2238"]
[BlackElo "2144"]
[PlyCount "78"]
[EventDate "2025.03.04"]
[EventType "swiss (blitz)"]
[EventRounds "11"]
[EventCountry "USA"]
[SourceTitle "CB11_2025"]
[SourceDate "2025.03.12"]
[SourceVersion "1"]
[SourceVersionDate "2025.03.12"]
[SourceQuality "1"]

1. e4 c5 2. Nf3 e6 3. Nc3 Nc6 4. Bc4 a6 5. d3 Nf6 6. 0-0 h6 7. h3 d5 8. exd5 exd5 9. Re1+ Be7 10. Bb3 0-0 11. Bf4 b5 12. a3 Be6 13. Ne2 c4 14. Ba2 Rc8 15. Rc1 Qb6 16. c3 Rfe8 17. Bb1 Rcd8 18. Ned4 Bc5 19. Be3 cxd3 20. Qxd3 Nxd4 21. Nxd4 Qc7 22. Rcd1 Bd6 23. Nf5 Bf8 24. Bd4 Ne4 25. Qf3 Qc8 26. Ng3 f5 27. Nh5 Qc7 28. Nf4 Bf7 29. Nd3 Be6 30. Nf4 Bf7 31. Nd3 g6 32. Nf4 Bd6 33. Ne2 Re7 34. Ng3 Rde8 35. Nxe4 dxe4 36. Qe2 Bc4 37. Qd2 Kh7 38. Be3 Bh2+ 39. Kh1 f4 0-1

[Event "Titled Tuesday intern op 25th Feb Early"]
[Site "Chess.com INT"]
[Date "2025.02.25"]
[Round "1"]
[White "Yilmaz, Baver"]
[Black "Chogdov, Munkhbat"]
[Result "1-0"]
[WhiteElo "2207"]
[BlackElo "2238"]
[PlyCount "95"]
[EventDate "2025.02.25"]
[EventType "swiss (blitz)"]
[EventRounds "11"]
[EventCountry "USA"]
[SourceTitle "CB10_2025"]
[SourceDate "2025.03.05"]
[SourceVersion "1"]
[SourceVersionDate "2025.03.05"]
[SourceQuality "1"]

1. e4 e5 2. Nf3 Nc6 3. Bb5 a6 4. Ba4 Nf6 5. 0-0 b5 6. Bb3 Be7 7. Re1 0-0 8. h3 d6 9. c3 Na5 10. Bc2 c5 11. d4 cxd4 12. cxd4 Qc7 13. Nc3 Bb7 14. a3 Rac8 15. Qe2 Nc4 16. Rd1 h6 17. Bb3 Nxa3 18. Rxa3 b4 19. Ra4 bxc3 20. dxe5 dxe5 21. bxc3 Qxc3 22. Ba2 Qc7 23. Bb2 Bd6 24. Nh4 Qc2 25. Qxc2 Rxc2 26. Rxd6 Rxb2 27. f3 Nh5 28. Ng6 Nf4 29. Nxf8 Rxg2+ 30. Kf1 Kxf8 31. Rb4 Rxa2 32. Rxb7 Ra1+ 33. Kf2 Ra2+ 34. Ke1 g6 35. Rd8+ Kg7 36. Rdd7 g5 37. Rxf7+ Kg6 38. Rfc7 Re2+ 39. Kd1 Rh2 40. Rc6+ Kh5 41. Rbb6 Kh4 42. Rxh6+ Kg3 43. Rxa6 Kxf3 44. Ra4 Rh1+ 45. Kd2 Rh2+ 46. Kc3 Rh1 47. Rh8 Rxh3 48. Rg8 1-0

[Event "Titled Tuesday intern op 04th Feb Early"]
[Site "Chess.com INT"]
[Date "2025.02.04"]
[Round "7"]
[White "Frischmann, Rick"]
[Black "Chogdov, Munkhbat"]
[Result "1/2-1/2"]
[WhiteElo "2344"]
[BlackElo "2238"]
[PlyCount "158"]
[EventDate "2025.02.04"]
[EventType "swiss (blitz)"]
[EventRounds "11"]
[EventCountry "USA"]
[SourceTitle "CB07_2025"]
[SourceDate "2025.02.12"]
[SourceVersion "1"]
[SourceVersionDate "2025.02.12"]
[SourceQuality "1"]

1. e4 e5 2. Nf3 Nc6 3. d4 exd4 4. Nxd4 Bc5 5. Nb3 Bb6 6. Nc3 d6 7. Qe2 Be6 8. Be3 Qf6 9. 0-0-0 0-0-0 10. Kb1 Kb8 11. f4 h6 12. g3 Nge7 13. Bg2 Rhe8 14. Bxb6 axb6 15. Nb5 Bxb3 16. axb3 Nc8 17. Qc4 N8a7 18. Nc3 Qe6 19. Qa4 Qd7 20. e5 Qe6 21. exd6 Rxd6 22. Rxd6 Qxd6 23. Rd1 Qc5 24. Qc4 Qxc4 25. bxc4 Nc8 26. Nb5 Re2 27. Bd5 Re7 28. g4 N6a7 29. Nd4 Nd6 30. b3 Nac8 31. h4 c6 32. Bf3 Kc7 33. g5 hxg5 34. hxg5 Re3 35. Rf1 Ne7 36. Kc1 Nef5 37. Ne2 Nh4 38. Bg4 g6 39. Kd2 Re7 40. Rh1 Ng2 41. Rh8 Ne3 42. Bh3 Nef5 43. Rh7 Ne4+ 44. Kc1 Ned6 45. Kd2 Ne4+ 46. Kc1 Ned6 47. Nc3 Nd4 48. Bg4 N4f5 49. Rh3 Kb8 50. Rd3 Kc7 51. Kd2 Ne4+ 52. Nxe4 Rxe4 53. Bxf5 gxf5 54. Rf3 b5 55. cxb5 cxb5 56. Kd3 Kc6 57. c3 Kc5 58. b4+ Kd5 59. Rf2 b6 60. Rf3 Kd6 61. Rf2 Ke7 62. Rf3 Kf8 63. Rf2 Kg7 64. Rf3 Kg6 65. Rf2 f6 66. gxf6 Kxf6 67. Rf3 Ke6 68. Rh3 Rxf4 69. Rh6+ Kd5 70. Rxb6 Rf3+ 71. Kd2 Kc4 72. Rc6+ Kb3 73. Rc5 Rf2+ 74. Kd3 f4 75. Rxb5 Rf3+ 76. Ke4 Rxc3 77. Kxf4 Rc4+ 78. Ke5 Rxb4 79. Rxb4+ Kxb4 1/2-1/2

[Event "Asia-chT 17th"]
[Site "Zaozhuang"]
[Date "2012.05.26"]
[Round "9.3"]
[White "Chogdov, Munkhbat"]
[Black "Muhammad, Luthfi Ali"]
[Result "1-0"]
[WhiteElo "2245"]
[BlackElo "2027"]
[PlyCount "61"]
[EventDate "2012.05.17"]
[EventType "team-swiss"]
[EventRounds "9"]
[EventCountry "CHN"]
[SourceTitle "CBM 148 Extra"]
[Source "ChessBase"]
[SourceDate "2012.06.22"]
[SourceVersion "1"]
[SourceVersionDate "2012.06.22"]
[SourceQuality "1"]
[WhiteTeam "Korea"]
[BlackTeam "Indonesia"]
[WhiteTeamCountry "KOR"]
[BlackTeamCountry "INA"]

1. c4 Nf6 2. Nc3 g6 3. g3 Bg7 4. Bg2 0-0 5. Nf3 d6 6. 0-0 Nc6 7. d3 e5 8. a3 a5 9. Rb1 h6 10. b4 axb4 11. axb4 Be6 12. b5 Ne7 13. Qc2 Qc8 14. Rd1 Nd7 15. Be3 f5 16. Rdc1 f4 17. Bd2 Nc5 18. Ra1 Rxa1 19. Rxa1 e4 20. dxe4 fxg3 21. hxg3 Bxc4 22. Ra3 Kh7 23. Be3 Qe6 24. Nd4 Qf7 25. Bf3 Ne6 26. Nxe6 Qxe6 27. Ra7 Bxc3 28. Qxc3 Rb8 29. Bc1 Bxb5 30. Bb2 Qf7 31. Rxb7 1-0